| 000 | 00617nam a2200193 i 4500 | ||
|---|---|---|---|
| 001 | 35777 | ||
| 003 | ES-MaACL | ||
| 005 | 20230906155217.0 | ||
| 007 | t| | ||
| 008 | 030214s1927 sp ||||1| spa d | ||
| 100 | 1 |
_aBozal Pérez, Angel. _931211 |
|
| 245 | 1 | 3 |
_aEl descubrimiento de Méjico _b: una gloria ignorada: Juan de Grijalva / _cAngel Bozal Pérez. |
| 260 |
_aMadrid : _bVoluntad, _c1927. |
||
| 300 |
_a320 p. : _b1 map. pleg., il. ; _c17 cm. |
||
| 490 | 1 |
_aManuales hispania. Serie E ; _v1 |
|
| 830 | 0 |
_aManuales hispania. Serie E ; _v1 _9229550 |
|
| 852 |
_aES-MaACL _jD-8951 |
||
| 999 |
_c35777 _d35777 |
||